Tìm hiểu luật kinh tế : Phụ lục có các văn bản
Sách giúp người kinh doanh nghiên cứu nắm vững các điều luật kinh tế nhằm hỗ trợ cho hoạt động sản xuất kinh doanh và đầu tư kinh tế linh hoạt và đúng mục tiêu đề ra.
Gardado en:
| Autor Principal: | |
|---|---|
| Formato: | Libro |
| Idioma: | Undetermined |
| Publicado: |
Hà Nội
Thống kê
1995
|
| Những chủ đề: | |
| Các nhãn: |
Engadir etiqueta
Sen Etiquetas, Sexa o primeiro en etiquetar este rexistro!
|
| Thư viện lưu trữ: | Trung tâm Học liệu Trường Đại học Cần Thơ |
|---|
| LEADER | 00938nam a2200229Ia 4500 | ||
|---|---|---|---|
| 001 | CTU_8 | ||
| 008 | 210402s9999 xx 000 0 und d | ||
| 020 | |c 26000 | ||
| 082 | |a 346.59707 | ||
| 082 | |b M312 | ||
| 100 | |a Trần, Anh Minh | ||
| 245 | 0 | |a Tìm hiểu luật kinh tế : | |
| 245 | 0 | |b Phụ lục có các văn bản | |
| 245 | 0 | |c Trần Anh Minh, Lê Xuân Thọ | |
| 260 | |a Hà Nội | ||
| 260 | |b Thống kê | ||
| 260 | |c 1995 | ||
| 520 | |a Sách giúp người kinh doanh nghiên cứu nắm vững các điều luật kinh tế nhằm hỗ trợ cho hoạt động sản xuất kinh doanh và đầu tư kinh tế linh hoạt và đúng mục tiêu đề ra. | ||
| 650 | |a Law,Luật | ||
| 650 | |x Economic aspects,Khía cạnh kinh tế | ||
| 904 | |i Nguyễn Quang Điền, 961012 | ||
| 980 | |a Trung tâm Học liệu Trường Đại học Cần Thơ | ||